000 00265nam a22000977a 4500
999 _c11298
_d11298
008 190205b ||||| |||| 00| 0 eng d
020 _a9781841261754
100 _aMeler Ralf
_97040
245 _aPilates (Improve your Wellness)
260 _aUK
_bMeyer & Meyer sport
_c2006